| 000 | 00472nam a22001817a 4500 | ||
|---|---|---|---|
| 005 | 20251108172301.0 | ||
| 008 | 250721s1983 xx 000 0 eng d | ||
| 082 | 1 | 4 | _a001.64/LOR |
| 100 | 1 | _aLord, Kenniston W | |
| 245 | 1 | 0 | _aUsing the Osborne Personal Computer / |
| 264 | 1 |
_aNew York : _bVan Nostrand Reinhold Co, _c1983. |
|
| 300 | _a324p | ||
| 650 | 1 | 7 | _aComputers |
| 650 | 1 | 7 | _aBasic |
| 650 | 1 | 7 | _aComputer Program Language |
| 942 |
_2ddc _cBK |
||
| 999 |
_c75110 _d75110 |
||